| 000 | 00862nam a2200253 a 4500 | ||
|---|---|---|---|
| 001 | BRL_1641 | ||
| 005 | 20190320211313.0 | ||
| 008 | 070116s1976----mx-ob#####---#000-0#spa-# | ||
| 041 | _aspa | ||
| 044 | _amx | ||
| 050 | 4 |
_aF1291 _b.G66 1976 |
|
| 100 | 1 |
_aGómez Canedo, Lino _d1908-1990 _927513 |
|
| 245 | 1 | 0 |
_aSierra Gorda _bun típico enclave misional en el centro de México (siglos XVII-XVIII) _cLino Gómez Canedo. |
| 260 |
_aPachuca, Hgo. _bCentro Hidalguense de Investigaciones Históricas _c1976 |
||
| 300 |
_a244 p. _bil., mapas ( blanco y negro) _c23 cm. |
||
| 440 | 0 |
_aColección Ortega-Falkowska _v2 _927514 |
|
| 500 | _aAu1860 | ||
| 500 | _aIncluye índice analítico | ||
| 504 | _aBibliografía: p. 9-13 | ||
| 650 | 1 | 4 |
_aMisiones _xHistoria _zMéxico _9865 |
| 650 | 1 | 4 |
_aSierra Gorda (Hidalgo) _xHistoria _927515 |
| 902 | _aGRL | ||
| 942 |
_2lcc _cB |
||
| 999 |
_c10450 _d10450 |
||